Statistics for Years The British Monarch Has Changed

Click here to take the quiz!

General Stats

  • This quiz has been taken 109 times
    (35 since last reset)
  • The average score is 16 of 23

Answer Stats

Year% Correct
1901
100%
1952
100%
2022
100%
1936
97%
1910
88%
1837
82%
1820
76%
1830
76%
1603
73%
1660
64%
1702
64%
1625
61%
1547
58%
1553
58%
1714
58%
1760
58%
1689
55%
1509
52%
1558
52%
1685
52%
1554
48%
1694
48%
1727
48%

Score Distribution

Percentile by Number Answered

Percent of People with Each Score

Your Score History

You have not taken this quiz since the last reset